La arqueología del saber.

保存先:
書誌詳細
第一著者: Foucault, Michel (autor)
その他の著者: Garzón del Camino, Aurelio (traductor)
フォーマット: 図書
言語:スペイン語
出版事項: Buenos Aires, Argentina: Siglo Veintiuno, 2008.
版:2a. edición argentina, revisada.
シリーズ:Biblioteca Clásica
主題:
タグ: タグ追加
タグなし, このレコードへの初めてのタグを付けませんか!

MARC

LEADER 00000cam a2200000 a 4500
001 UCH2516
003 CL-VaPUC
005 20250321101907.0
008 090618t20080000AG |||||||||||||||||spa|d
999 |c 334247  |d 334245 
020 |a 978-987-629-008-1 
040 |c Pontificia Universidad Católica de Valparaíso 
082 0 4 |a 121 FOU 2008  |2 21 
100 |a Foucault, Michel  |e autor  |9 257945 
245 1 3 |a La arqueología del saber. 
250 |a 2a. edición argentina, revisada. 
260 |a Buenos Aires, Argentina:  |b Siglo Veintiuno,  |c 2008. 
300 |a 273 páginas. 
490 |a Biblioteca Clásica  
500 |a c.6. Instituto Arcos.08-01-2025. 
583 |a last modification  |c 20120829 02:27:12  |k Rodrigo Vera 
650 0 |a Epistemología   |9 264994 
650 0 |a Análisis del discurso  |9 256696  |x Filosofía 
650 0 |a Sociología del conocimiento  |9 308651 
700 1 |a Garzón del Camino, Aurelio  |e traductor  |9 863497 
942 |c BK  |2 ddc  |n 0 
945 |d 20090618 00:00:00  |a rbrito 
952 |0 0  |1 0  |4 0  |6 121_000000000000000_FOU_2008  |7 0  |8 A  |9 423110  |a BIBCUR  |b BIBCUR  |d 2019-11-22  |i 4562119  |o 121 FOU 2008  |p 4562119  |r 2025-04-22  |w 2019-11-22  |y BK  |k PER 
952 |0 0  |1 2  |4 0  |6 121_000000000000000_FOU_2008  |7 0  |8 A  |9 423111  |a BIBGIM  |b BIBGIM  |d 2019-11-22  |i 4814673  |o 121 FOU 2008  |p 4814673  |r 2019-11-22  |w 2019-11-22  |y BK  |k SSL 
952 |0 0  |1 0  |4 0  |6 121_000000000000000_FOU_2008  |7 0  |8 R  |9 423112  |a BIBEDU  |b BIBEDU  |c MCIRC  |d 2019-11-22  |i 4900146  |l 6  |o 121 FOU 2008  |p 4900146  |r 2024-10-22  |s 2024-10-21  |w 2019-11-22  |y BK_R  |k PSI 
952 |0 0  |1 0  |4 0  |6 121_000000000000000_FOU_2008  |7 0  |8 R  |9 423113  |a BIBEDU  |b BIBEDU  |c MCIRC  |d 2019-11-22  |i 4900154  |l 5  |o 121 FOU 2008  |p 4900154  |r 2023-10-17  |s 2023-10-12  |w 2019-11-22  |y BK_R  |k PSI 
952 |0 0  |1 0  |2 ddc  |3 erb  |4 0  |6 121_000000000000000_FOU_2008  |7 0  |8 A  |9 423114  |a BIBING  |b BIBING  |i 5147360  |o 121 FOU 2008  |p 5147360  |r 2025-01-20  |w 2019-11-22  |y BK  |z Catalogado en:20150430  |k GEO 
952 |0 0  |1 0  |2 ddc  |4 0  |6 121_000000000000000_FOU_2008  |7 0  |9 600242  |a BIBINC  |b BIBINC  |c GEN  |d 2025-01-30  |e Instituto Arcos  |i 5665175  |o 121 FOU 2008  |p 5665175  |r 2025-01-30  |t 5  |w 2025-01-30  |y BK  |k IFP